00681nam a22001575i 4500001000700000003000900007005001700016008004100033040002800074100003500102245021500137260006200352300002000414752002400434852006500458163500ES-MaACL20230906212742.0951113s1828 sp |||| | spa d aCARM bspa cCCPB | SIC1 aRicherand, Balthasar-Anthelme.10aNuevos elementos de fisiología / cpor el Caballero Richerand... ; traducida del frances al castellano de la novena y ultima edición, revista, corregida y aumentada considerablemente sobre las anteriores... aMadrid : b[s.n.], c1828 (fImp. que fue de Fuentenebro) a4 v. ; c15 cm. aEspaña - dMadrid aES-MaACLjF-1089 z-- Enc. pasta española q-- Sólo t.II